UBT Library

The mentally ill chemical abuser : (Record no. 39263)

000 -LEADER
fixed length control field 00704pam a2200241 a 4500
001 - CONTROL NUMBER
control field 2976063
005 - DATE AND TIME OF LATEST TRANSACTION
control field 20171221035912.0
008 - FIXED-LENGTH DATA ELEMENTS--GENERAL INFORMATION
fixed length control field 920131s1992 nyu b 001 0 eng c
010 ## - LIBRARY OF CONGRESS CONTROL NUMBER
LC control number 92006217
020 ## - INTERNATIONAL STANDARD BOOK NUMBER
International Standard Book Number 0669276715
040 ## - CATALOGING SOURCE
Original cataloging agency DNLM/DLC
Transcribing agency DLC
Modifying agency DLC
041 ## - LANGUAGE CODE
Language code of text/sound track or separate title eng
060 ## - NATIONAL LIBRARY OF MEDICINE CALL NUMBER
Classification number WM 270 C67753m
080 ## - UNIVERSAL DECIMAL CLASSIFICATION NUMBER
Universal Decimal Classification number 616.860019 COH
082 00 - DEWEY DECIMAL CLASSIFICATION NUMBER
Classification number 616.860019 COH
Edition number 20
100 1# - Rafti
Rafti 3
101 ## - Shkurtesa
Shkurtesa SHM
245 14 - TITLE STATEMENT
Title The mentally ill chemical abuser :
Statement of responsibility, etc Jacqueline Cohen, Stephen Jay Levy.
504 ## - BIBLIOGRAPHY, ETC. NOTE
Bibliography, etc Includes bibliographical references (p. 211-221) and index.
906 ## - LOCAL DATA ELEMENT F, LDF (RLIN)
a 7
b cbc
c orignew
d 1
e ocip
f 19
g y-gencatlg
942 ## - ADDED ENTRY ELEMENTS (KOHA)
Source of classification or shelving scheme
Item type Books
Holdings
Withdrawn status Lost status Source of classification or shelving scheme Damaged status Not for loan Collection code Permanent location Current location Shelving location Date acquired Total Checkouts Full call number Barcode Date last seen Price effective from Koha item type
          Koleksioni i përgjithshem UBT - Lipjan UBT - Lipjan Koleksioni i përgjithshem 12/21/2017   616.860019 COH 002-2939578 12/21/2017 12/21/2017 Books
UBT Library © 2015-2024. All rights reserved University Education for Business and Technology